FIFA:n vuoden 2026 MM-kisojen liput - Statistics

Yleistilastot
  • Tätä visaa on pelattu 32 kertaa
  • Keskiarvotulos 34 / 42
Vastaustilastot
Kuvavisa Vastaus % Oikein
Argentiina
100%
Brasilia
100%
Etelä-Korea
100%
Japani
100%
Meksiko
100%
Ranska
100%
Yhdysvallat
100%
Kanada
96%
Uusi-Seelanti
96%
Australia
91%
Portugali
91%
Uruguay
91%
Espanja
87%
Iran
87%
Itävalta
87%
Kroatia
87%
Marokko
87%
Norja
87%
Saksa
87%
Sveitsi
87%
Alankomaat
83%
Belgia
83%
Ecuador
83%
Egypti
83%
Englanti
83%
Qatar
83%
Etelä-Afrikka
78%
Saudi-Arabia
78%
Tunisia
78%
Panama
74%
Skotlanti
74%
Algeria
70%
Kolumbia
70%
Norsunluurannikko
70%
Senegal
70%
Ghana
65%
Paraguay
65%
Jordania
61%
Kap Verde
61%
Haiti
52%
Uzbekistan
52%
Curaçao
22%
Ehtoja vastaavia visoja ei löytynyt
Tulosjakauma
Jokaisen tuloksen saaneiden osuus
Persentiili vastausten määrän mukaan
Tuloshistoriasi
Et ole pelannut tätä visaa